Tratado de la omnipresente transversalidad y transdisciplinariedad de los derechos fundamentales /

Bibliographic Details
Main Author: Torres Manrique, Jorge Isaac (Author)
Format: Electronic eBook
Language:Spanish
Published: Santiago de Chile : Ediciones Olejnik, [2023]
Series:Biblioteca recientes y próximos escenarios de los ordenamientos jurídicos.
Subjects:
Online Access:Digitalia Hispánica

MARC

LEADER 00000nam a2200000 i 4500
001 DIGOLEJNK1266
003 NyNyDIG
007 cr |||||||||||
008 250408s2023 cl ob 000 0 spa d
006 m o d
035 |a (OCoLC)1434150159 
040 |a DGITA  |b eng  |e rda  |e pn  |c DGITA 
020 |z 9789564074115 
050 1 4 |a JC571 ebook 
100 1 |a Torres Manrique, Jorge Isaac,  |e author. 
245 1 0 |a Tratado de la omnipresente transversalidad y transdisciplinariedad de los derechos fundamentales /  |c Jorge Isaac Torres Manrique. 
264 1 |a Santiago de Chile :  |b Ediciones Olejnik,  |c [2023] 
300 |a 1 online resource. 
336 |a text  |b txt  |2 rdacontent 
337 |a computer  |b c  |2 rdamedia 
338 |a online resource  |b cr  |2 rdacarrier 
347 |a text file  |2 rdaft 
347 |b PDF 
490 1 |a Biblioteca recientes y próximos escenarios de los ordenamientos jurídicos 
504 |a Includes bibliographical references. 
588 0 |a Online resource; title from PDF title page (Digitalia, viewed April 8, 2025) 
650 0 |a Human rights. 
650 0 |a Civil rights. 
791 2 |a Digitalia (Firm),  |e distributor. 
793 0 |g Digitalia eBook Collection:  |a Ediciones Olejnik 
776 0 8 |i Print version:  |a Torres Manrique, Jorge Isaac.  |t Tratado de la omnipresente transversalidad y transdisciplinariedad de los derechos fundamentales.  |d Santiago de Chile : Ediciones Olejnik, [2023]  |z 9789564074115 
830 0 |a Biblioteca recientes y próximos escenarios de los ordenamientos jurídicos. 
856 4 0 |3 Digitalia Hispánica  |u https://www.digitaliapublishing.com/a/157772/ 
910 |a Premium collection: 2025